| 000 | 01672cab a2200253 4500 | ||
|---|---|---|---|
| 001 | L130999 | ||
| 008 | 050920n2005 000 0 eng u | ||
| 035 | _a(Sirsi) u130999 | ||
| 041 | 0 | _aeng | |
| 100 | 1 | _aMurdoch, Sandi | |
| 245 | _aBad news for squatters | ||
| 260 | _c2005 | ||
| 490 |
_aEstates Gazette _v(0536) 10 September 2005, 277(1) |
||
| 520 | _aDiscusses "Beaulane Properties Ltd v Palmer" ([2005] EWHC 1460 (Ch), L129526) which radically changes the law of adverse possession but only in respect of claims to registered land completed within a limited timeframe. Makes the following key points: the Human Rights Act 1988 must be considered where a squatter has completed the required period of possession after 1 October 2000; the meaning of adverse possession has altered where adverse possession of registered land was completed after 1 October 2000 and before 13 October 2003; the post-2003 Land Registration Rules on squatters' rights are unlikely to be affected and squatters claims to unregistered land remain unaffected for the time being. "Beaulane" does not apply to claims where the period of adverse possession was completed prior to 2 October 2000 nor to unregistered land. "Beaulane" may be appealed. | ||
| 590 | _aIKA270905 | ||
| 650 | _aLAND REGISTRATION ACT 2002 | ||
| 650 | _aJ A PYE (OXFORD) LTD V GRAHAM | ||
| 650 | _aBEAULANE PROPERTIES LTD V PALMER | ||
| 650 | _aHUMAN RIGHTS ACT 1998 | ||
| 650 | _aLAND REGISTRATION ACT 1925 S73 | ||
| 690 | _aPROPERTY-PROPERTY ACQUISITION AND DISPOSAL | ||
| 856 | 4 | 1 |
_uhttps://www.bailii.org/ew/cases/EWHC/Ch/2005/817.html _zView the judgment free of charge at www.rics.org... |
| 942 | _n0 | ||
| 999 |
_c75900 _d75900 |
||